Steppenwolf

Shranjeno v:
Bibliografske podrobnosti
Glavni avtor: Hesse, Hermann
Format: Knjiga
Jezik:Undetermined
Izdano: New York, Estados Unidos Bantam Books 1972
Izdaja:15
Teme:
Oznake: Označite
Brez oznak, prvi označite!

MARC

LEADER 00000nam a2200000Ia 4500
008 170316s9999 xx 000 0 und d
040 |a cru BVZT 
090 |a 830 H-8st 
100 |a Hesse, Hermann 
245 |a Steppenwolf 
250 |a 15 
260 |a New York, Estados Unidos 
260 |b Bantam Books 
260 |c 1972 
300 |a 248 páginas 
650 |a LITERATURA ALEMANA 
650 |a EN IDIOMA INGLÉS 
650 |a NOVELA 
999 |c 7366  |d 7366 
942 |c 15 D  |h 830 H-8st  |2 z